Colombia Venezuela: Crisis o negociación? /
Guardado en:
| Hovedforfatter: | |
|---|---|
| Andre forfattere: | , , , |
| Format: | Texto |
| Udgivet: |
Bogotá:
FESCOL. CEI
|
| Tags: |
Tilføj Tag
Ingen Tags, Vær først til at tagge denne postø!
|
MARC
| LEADER | 00000 a a2200000 04500 | ||
|---|---|---|---|
| 001 | 24481 | ||
| 003 | |||
| 040 | |a CRAI/IIS |c CRAI/IIS | ||
| 020 | |a 958-9272-16-9 | ||
| 022 | |a 958-9272-16-9 | ||
| 090 | |a 167500 | ||
| 100 | |a Cardona, Diego | ||
| 245 | |a Colombia Venezuela: Crisis o negociación? / |c Diego Cardona | ||
| 260 | |a Bogotá: |b FESCOL. CEI | ||
| 300 | |a 120 p | ||
| 700 | |a Nasi, Carlo | ||
| 700 | |a Obregón T, Liliana | ||
| 700 | |a Tickner, Arlene B. | ||
| 700 | |a Tokatlian, Juan Gabriel | ||
| 999 | |c 10786 |d 10786 | ||



